Les effets des résolutions des Nations Unies
Gespeichert in:
| 1. Verfasser: | |
|---|---|
| Format: | Buch |
| Sprache: | Französisch |
| Veröffentlicht: |
París
Librairie Générale de Droit et de Jurisprudence
1967
|
| Schriftenreihe: | Bibliothèque de Droit International
|
| Schlagworte: | |
| Tags: |
Tag hinzufügen
Keine Tags, Fügen Sie den ersten Tag hinzu!
|
MARC
| LEADER | 00000nam a2200000 a 4500 | ||
|---|---|---|---|
| 001 | UCT9196 | ||
| 003 | CL-VaPUC | ||
| 008 | 970404e19670000FR |||||||||||||||||fre|d | ||
| 082 | 0 | 4 | |a 341.23 |b DIQ |2 21 |
| 100 | 0 | |a Di Qual, Lino |e author |9 381678 | |
| 245 | 1 | 4 | |a Les effets des résolutions des Nations Unies |
| 300 | |a 283 p | ||
| 942 | |c BK | ||
| 945 | |d 19970404 00:00:00 |a cmena | ||
| 260 | |a París |b Librairie Générale de Droit et de Jurisprudence |c 1967 | ||
| 600 | 0 | 7 | |a ORGANIZACION DE LAS NACIONES UNIDAS |2 CL-VaPUC |9 381679 |
| 600 | 0 | 7 | |a ONU |2 CL-VaPUC |9 338253 |
| 650 | 0 | |a Derecho internacional |9 255637 | |
| 650 | 0 | |a Relaciones Internacionales |9 255740 | |
| 650 | 0 | |a Tratados internacionales |9 256056 | |
| 583 | |a last modification |c 19970404 00:00:00 |k Rodrigo Vera | ||
| 490 | 0 | |a Bibliothèque de Droit International | |
| 999 | |c 257615 |d 257613 | ||
| 952 | |0 0 |1 0 |4 0 |6 341_230000000000000_DIQ_1967 |7 0 |8 A |9 281165 |a BIBDER |b BIBDER |d 2019-11-19 |i 1823930 |o 341.23 DIQ 1967 |p 1823930 |r 2023-01-25 |w 2019-11-19 |y BK |k DER | ||